000 00676nam a2200205Ii 4500
003 JO-AjNU
008 230605s9999||||xx |||||||||||||| ||und||
017 _a1070
040 _aJO-AjNU
_bara
_erda
_cJO-AjNU
041 _aara
050 1 4 _aTP807.R3912 1986
100 3 _aريان ؛ ترجمه فاضل بندر عيسى واخرون,
_eauthor
_917739
245 0 0 _aخواص المواد الخام السيراميكية
264 3 1 _aبغداد: وزارة البحث العلمي، 1986
300 _a140ص
336 _atext
_btxt
_2rdacontent
337 _aunmediated
_bn
_2rdamedia
338 _avolume
_bnc
_2rdacarrier
650 4 _aالمواد الخام
_917740
999 _aA5544
_c9112
_d9112